Indian government and politics (Record no. 817)

MARC details
000 -LEADER
fixed length control field 00465cam a2200181ua 4500
008 - FIXED-LENGTH DATA ELEMENTS--GENERAL INFORMATION
fixed length control field 110421n ii |||gr||||Z||||||eng
040 ## - CATALOGING SOURCE
Transcribing agency MAIN
082 ## - DEWEY DECIMAL CLASSIFICATION NUMBER
Classification number 320.954
245 1# - TITLE STATEMENT
Title Indian government and politics
Statement of responsibility, etc. by J.C. Johari
250 ## - EDITION STATEMENT
Edition statement 7th.
260 ## - PUBLICATION, DISTRIBUTION, ETC.
Place of publication, distribution, etc. Delhi:
Name of publisher, distributor, etc. Vishal publications,983.
300 ## - PHYSICAL DESCRIPTION
Extent 992p.:
Dimensions 40cm.
700 ## - ADDED ENTRY--PERSONAL NAME
Personal name Johari, J.C.,
Relator term
942 ## - ADDED ENTRY ELEMENTS (KOHA)
Koha item type Books
653 ## - INDEX TERM--UNCONTROLLED
Uncontrolled term Political science
653 ## - INDEX TERM--UNCONTROLLED
Uncontrolled term Indian government and politics
Holdings
Withdrawn status Lost status Damaged status Not for loan Home library Current library Shelving location Date acquired Total Checkouts Full call number Barcode Date last seen Copy number Price effective from Koha item type Source of classification or shelving scheme Collection code Cost, normal purchase price Date last checked out
        Central Library, Naharkatiya College Central Library, Naharkatiya College General Stacks 19/09/2020   320.954 | JOH 500 19/09/2020 1 19/09/2020 Books        
        Central Library, Naharkatiya College Central Library, Naharkatiya College General Stacks 22/02/2022 2 320.954 501 29/03/2023 2 22/02/2022 Books Dewey Decimal Classification Political Science 50.00 25/03/2023

Naharkatiya College © 2020. All rights reserved.

Powered By